000 00408nam a2200169Ia 4500
008 230524s9999 xx 000 0 und d
020 _a8173192693
082 _a515
_bGAL
100 _aJoseph A.Galliar
245 0 _aContemporary Abstract Algebra
250 _a4TH
260 _aNEW DELHI
_bNarosa
_c1999
300 _aXII;583+A55
500 _aQuantity Number: 2
650 _aMathematics
942 _cBK
999 _c6592
_d6592